| 000 | 00833cam a2200217 4500 | ||
|---|---|---|---|
| 001 | WB3632-26 | ||
| 008 | 000000n2000 000 0 eng u | ||
| 035 | _a(Sirsi) u107783 | ||
| 245 | _aPlanning court will let residents block developers | ||
| 260 | _c2000 | ||
| 490 |
_aIndependent _v14 August 2000, 8(1) |
||
| 520 | _aHome owners' rights to appeal against developers could be given backing under a government proposal to establish an environment court of justice. The plans would allow third parties to challenge planning permission decisions. | ||
| 590 | _aWB | ||
| 650 | _aENVIRONMENT COURT OF JUSTICE | ||
| 650 | _aPLANNING APPEALS | ||
| 650 | _aHOME OWNERS | ||
| 650 | _aHUMAN RIGHTS ACT 1998 | ||
| 650 | _aRIGHTS OF APPEAL | ||
| 690 | _aENVIRONMENTAL AND LAND CONSULTANCY-PLANNING AND DEVELOPMENT | ||
| 942 | _n0 | ||
| 999 |
_c64380 _d64380 |
||